000
00199 a2200109 4500
020
_a
9789582425760
041
_a
spa
100
_a
Santillana
245
_a
Matematicas 4
942
_c
BK
952
_7
1
999
_c
23836
_d
23836